Obras Completas. Tomo III: Doctor Sutilis (cuentos)

में बचाया:
ग्रंथसूची विवरण
मुख्य लेखक: Alas, Leopoldo (Clarín)
स्वरूप: पुस्तक
भाषा:Undetermined
प्रकाशित: Madrid, España Renacimiento 1916
विषय:
टैग: टैग जोड़ें
कोई टैग नहीं, इस रिकॉर्ड को टैग करने वाले पहले व्यक्ति बनें!

MARC

LEADER 00000nam a2200000Ia 4500
008 170316s9999 xx 000 0 und d
040 |a cru BVZT 
090 |a 862 A-9o 
100 |a Alas, Leopoldo (Clarín) 
245 |a Obras Completas. Tomo III: Doctor Sutilis (cuentos) 
260 |a Madrid, España 
260 |b Renacimiento 
260 |c 1916 
300 |a 335 páginas Tomo III 
650 |a LITERATURA ESPAÑOLA 
999 |c 9499  |d 9499 
942 |c 15 D  |h 862 A-9o  |2 z